000 00282nam a22001337a 4500
008 180302b xxu||||| |||| 00| 0 eng d
020 _a0879011009
041 _aeng
080 _23rd ed.
_a573
100 _a11
101 _aBIO
245 _aBiology
_cCurtis, H
942 _2udc
_cBK
999 _c44013
_d44013